Normal view
MARC view
- AST ELECTRONICS-DC ELECTRONICS-AC
Entry Topical Term
001 - CONTROL NUMBER
- control field: 58854
003 - CONTROL NUMBER IDENTIFIER
- control field: NUST
005 - DATE AND TIME OF LATEST TRANSACTION
- control field: 20210628202226.0
008 - FIXED-LENGTH DATA ELEMENTS
- fixed length control field: 210628|| aca||aabn | a|a d
040 ## - CATALOGING SOURCE
- Original cataloging agency: NUST
- Transcribing agency: NUST
150 ## - HEADING--TOPICAL TERM
- Topical term or geographic name entry element: AST ELECTRONICS-DC ELECTRONICS-AC
670 ## - SOURCE DATA FOUND
- Source citation: Work cat.: (NUST): Ast 58853, D-c electronics, a-c electronics, 2002
